000 00689nam a2200205Ii 4500
003 JO-AjNU
008 230605s9999||||xx |||||||||||||| ||und||
040 _aJO-AjNU
_bara
_erda
_cJO-AjNU
041 _aara
050 1 4 _aBP951.R5334 2004
100 3 _aالرفاعي، فادي محمد ؛ تقديم: ريمون يوسف فرحات,
_eauthor
_930226
245 0 0 _aالمصارف الإسلامية
250 _aط1
264 3 1 _aبيروت: منشورات الحلبي الحقوقية، 2004
300 _a328ص
336 _atext
_btxt
_2rdacontent
337 _aunmediated
_bn
_2rdamedia
338 _avolume
_bnc
_2rdacarrier
650 4 _aالبنوك الاسلامية
_930227
999 _aA11957
_c15525
_d15525